TEGoVA consults on draft European valuation standards (Record no. 63448)

MARC details
000 -LEADER
fixed length control field 00884cam a2200205 4500
001 - CONTROL NUMBER
control field WB3619-42
008 - FIXED-LENGTH DATA ELEMENTS--GENERAL INFORMATION
fixed length control field 000000n2000 000 0 eng u
035 ## - SYSTEM CONTROL NUMBER
System control number (Sirsi) u105966
245 ## - TITLE STATEMENT
Title TEGoVA consults on draft European valuation standards
260 ## - PUBLICATION, DISTRIBUTION, ETC.
Date of publication, distribution, etc. 2000
490 ## - SERIES STATEMENT
Series statement TEGoVA Press Release
Volume/sequential designation (pr5.teg) 8 May 2000, (5)
520 ## - SUMMARY, ETC.
Summary, etc. TEGoVA releases for public consultation the draft outline of the 2000 edition of the European Valuation Standards. Submit comments to the group before 30 June 2000. View text at http://www.tegova.org or for further information contact TEGoVA on 020 7334 3728.
590 ## - LOCAL NOTE (RLIN)
Local note WB
650 ## - SUBJECT ADDED ENTRY--TOPICAL TERM
Topical term or geographic name entry element ABOUT RICS-RELATED ORGANISATIONS-EUROPEAN GROUP OF VALUERS' ASSOCIATIONS
650 ## - SUBJECT ADDED ENTRY--TOPICAL TERM
Topical term or geographic name entry element EUROPEAN VALUATION STANDARDS
650 ## - SUBJECT ADDED ENTRY--TOPICAL TERM
Topical term or geographic name entry element CONSULTATION PAPER
650 ## - SUBJECT ADDED ENTRY--TOPICAL TERM
Topical term or geographic name entry element EUROPE
690 ## - LOCAL SUBJECT ADDED ENTRY--TOPICAL TERM (OCLC, RLIN)
Topical term or geographic name as entry element VALUATION AND INVESTMENT APPRAISAL-COMMERCIAL
942 ## - ADDED ENTRY ELEMENTS (KOHA)
Suppress in OPAC 0
Holdings
Withdrawn status Lost status Source of classification or shelving scheme Damaged status Not for loan Home library Current library Shelving location Date acquired Total Checkouts Full call number Barcode Date last seen Copy number Price effective from Koha item type
    Dewey Decimal Classification     London London News article 12/05/2000   WB3619-31 105966-1001 06/08/2019 1 06/08/2019 News article